01865nam a2200397Ia 4500001001200000003000800012006001900020007001500039008004100054020001800095020001800113040002100131035002100152050002300173082001900196245024300215260005600458300004200514490004100556504005100597533015200648650005400800650005600854650004600910650007000956651007201026651006101098655002901159700002401188700002401212700003301236710001701269830003801286856012601324999001701450ebr10716513CaPaEBRm o u cr cn|||||||||091211s2013 tnubce sb 001 0 eng d z9781572338661 z9781572339859 aCaPaEBRcCaPaEBR a(OCoLC)84713212814aE467b.C661 2013eb04a973.7092/222200aConfederate generals in the Trans-Mississippih[electronic resource] .nVolume 1,pEssays on America's Civil War /cedited by Lawrence Lee Hewitt with Arthur W. Bergeron, Jr. and Thomas E. Schott; with a foreword by Terrence J. Winschel. aKnoxville :bUniversity of Tennessee Press,cc2013. axxiii, 302 p. :bmaps, ports., plans.1 aThe western theater in the Civil War aIncludes bibliographical references and index. aElectronic reproduction.bPalo Alto, Calif. :cebrary,d2013.nAvailable via World Wide Web.nAccess may be limited to ebrary affiliated libraries. 0aGeneralszConfederate States of AmericaxHistory. 0aGeneralszConfederate States of AmericavBiography. 0aCommand of troopsxHistoryy19th century. 0aMilitary art and sciencezConfederate States of AmericaxHistory. 0aMississippi River ValleyxHistoryyCivil War, 1861-1865xCampaigns. 0aUnited StatesxHistoryyCivil War, 1861-1865xCampaigns. 7aElectronic books.2local1 aHewitt, Lawrence L.1 aBergeron, Arthur W.1 aSchott, Thomas Edwin,d1943-2 aebrary, Inc. 0aWestern theater in the Civil War.40uhttp://site.ebrary.com/lib/rucke/Doc?id=10716513zAn electronic book accessible through the World Wide Web; click to view c40235d40235